|
|
|
|
| LEADER |
01487nam a22002777a 4500 |
| 001 |
AAL8759 |
| 003 |
BD-DhAAL |
| 005 |
20230719212933.0 |
| 008 |
161003s 2011bg ||||| |||| 00| 0 ben d |
| 020 |
|
|
|a 9789845040488
|
| 040 |
|
|
|a BD-DhAAL
|c BD-DhAAL
|
| 082 |
|
|
|a 891.4414
|
| 100 |
|
|
|a ভূইয়া, আমিনুল ইসলাম.
|9 20498
|
| 245 |
|
|
|a রবীন্দ্রনাথ :
|b দর্শনভাবনা /
|c আমিনুল ইসলাম ভূইয়া.
|
| 246 |
|
|
|a Rabindeanath : darshanbhabna
|
| 260 |
|
|
|a ঢাকা :
|b মূর্ধন্য,
|c ২০১১
|
| 300 |
|
|
|a ৮০ পৃষ্ঠা ;
|c ২২ সে.মি.
|
| 541 |
|
|
|a Donated By Akbar Ali Khan
|e 8759, 41388
|
| 600 |
|
|
|a Tagore, Rabindranath,
|d 1861-1941.
|9 20499
|
| 650 |
|
|
|a Bengali literature.
|
| 852 |
|
|
|a Savar Campus Library
|c General Shelf
|
| 942 |
|
|
|2 ddc
|c BK
|
| 999 |
|
|
|c 37845
|d 37845
|
| 952 |
|
|
|0 0
|1 0
|2 ddc
|4 0
|6 891_000000000000000__4414_BHU
|7 0
|9 59677
|a SCL
|b SCL
|c GEN
|d 2016-10-03
|e Gift: BLC, Savar
|g 120.00
|l 2
|m 2
|o 891.4414 BHU
|p 3020008759
|r 2025-08-31
|s 2025-08-27
|t 1
|w 2016-10-03
|y BK
|
| 952 |
|
|
|0 0
|1 0
|2 ddc
|4 0
|6 891_000000000000000__4414_BHU
|7 0
|9 62843
|a SCL
|b SCL
|c GEN
|d 2018-03-12
|e Gift: BLC, Savar
|g 120.00
|l 2
|m 2
|o 891.4414 BHU
|p 3020009601
|r 2025-09-13
|s 2025-08-27
|t 2
|w 2018-03-12
|y BK
|
| 952 |
|
|
|0 0
|1 0
|2 ddc
|4 0
|6 891_441400000000000_BHU
|7 1
|9 74094
|a BRACUL
|b BRACUL
|c AAKC
|d 2023-07-19
|e Donated by Akbar Ali Khan
|g 120.00
|l 0
|o 891.4414 BHU
|p 3010041388
|r 2023-07-19
|t 3
|w 2023-07-19
|y BK
|